000 00591nam a2200229Ia 4500
003 OSt
005 20221005024332.0
006 a|||||r|||| 00| 0
007 ta
008 221004b |||||||| |||| 00| 0 eng d
024 _a107727
037 _cTextual
040 _aCRL
_cCRL
_beng
041 _2eng
_aeng
082 _aX:75, N8
245 0 _aHarvard business review on strategies for growth
260 _aBoston
_bHarvard Business School Pub. USA
_c1998
300 _a213p.
_ccm.
650 _aECONOMICS
942 _hX:75, N8
_cTEXL
_2cc
999 _c932757
_d932757